Quelle est la monnaie dans ces jeux vidéo? - Statistiques

Statistiques générales
  • Ce quiz a été pris 56 fois
    4 depuis la dernière actualisation
  • Le résultat moyen est 10 sur 34
Statistiques - réponses
Jeu Monnaie % Correct
League of Legends Essence bleue (BE)
100%
Dofus Kama
100%
Mario Pièce
100%
Animal Crossing Clochette
75%
Fortnite V-Buck
75%
Bayonetta Essence
50%
Pokémon Pokédollar
50%
Roblox Robux
50%
The Legend of Zelda Rubis
50%
The Sims Simflouz
50%
Dragon Ball FighterZ Zeni
50%
Fallout Capsule
25%
Hogwarts Legacy Gallion
25%
Minecraft Minecoin
25%
Genshin Impact Mora
25%
The Witcher Orin
25%
Pikmin Poko
25%
Elden Ring Rune
25%
Monster Hunter Zenny
25%
Kid Icarus Coeur
0%
FIFA Crédit FIFA
0%
Donkey Kong DK Coin
0%
Mother 3 Dragon Power
0%
Street Fighter Fight Money
0%
Final Fantasy Gil
0%
Super Smash Bros Goldus
0%
God of War Hacksilver
0%
Ori Lumière spirituelle
0%
Kingdom Hearts Munny
0%
Pokémon Unite Pièce Aeos
0%
Overwatch Pièce Overwatch
0%
Pokémon Go Poképièce
0%
The Elder Scrolls Septim
0%
Splatoon Super-coquillage
0%
Aucun quiz correspondant
Distribution des résultats
% des personnes avec chaque résultat
Percentile par nombre de réponses
Votre historique - résultats
Vous n’avez pas pris ce quiz depuis la dernière actualisation